| 000 -LEADER |
| fixed length control field |
02784cas a2200649 i 4500 |
| 001 - CONTROL NUMBER |
| control field |
21051013 |
| 003 - CONTROL NUMBER IDENTIFIER |
| control field |
NUST |
| 005 - DATE AND TIME OF LATEST TRANSACTION |
| control field |
20220825112501.0 |
| 008 - FIXED-LENGTH DATA ELEMENTS--GENERAL INFORMATION |
| fixed length control field |
190702c20209999nyuar 0 a0eng |
| 010 ## - LIBRARY OF CONGRESS CONTROL NUMBER |
| LC control number |
2019200503 |
| Canceled/invalid LC control number |
2020238080 |
| 022 0# - INTERNATIONAL STANDARD SERIAL NUMBER |
| International Standard Serial Number |
2687-8925 |
| Source |
1 |
| 035 ## - SYSTEM CONTROL NUMBER |
| System control number |
(OCoLC)on1107049410 |
| 037 ## - SOURCE OF ACQUISITION |
| Source of stock number/acquisition |
1745 Broadway, New York, NY 10019 |
| 038 ## - RECORD CONTENT LICENSOR |
| Staff Name |
Azhar |
| 040 ## - CATALOGING SOURCE |
| Original cataloging agency |
DLC |
| Language of cataloging |
eng |
| Description conventions |
rda |
| Transcribing agency |
DLC |
| Modifying agency |
DLC |
| -- |
OCLCO |
| -- |
OCLCF |
| -- |
WAU |
| 042 ## - AUTHENTICATION CODE |
| Authentication code |
pcc |
| -- |
nsdp |
| 050 00 - LIBRARY OF CONGRESS CALL NUMBER |
| Classification number |
PE1128.3 |
| Item number |
.C74 |
| 082 00 - DEWEY DECIMAL CLASSIFICATION NUMBER |
| Classification number |
428.0076 |
| Author Mark |
PRI |
| 222 #0 - KEY TITLE |
| Key title |
TOEFL iBT prep |
| 245 00 - TITLE STATEMENT |
| Title |
TOEFL iBT prep |
| Statement of responsibility, etc. |
the staff of the Princeton Review. |
| 246 1# - VARYING FORM OF TITLE |
| Title proper/short title |
Princeton Review TOEFL iBT prep |
| 246 1# - VARYING FORM OF TITLE |
| Title proper/short title |
Test of English as a Foreign Language Internet-Based Test prep |
| 250 ## - EDITION STATEMENT |
| Edition statement |
2022 edition |
| 260 ## - PUBLICATION, DISTRIBUTION, ETC. |
| Place of publication, distribution, etc. |
New York : |
| Name of publisher, distributor, etc. |
Penguin Random House LLC, |
| Date of publication, distribution, etc. |
2020 |
| 300 ## - PHYSICAL DESCRIPTION |
| Extent |
volumes ; |
| Dimensions |
28 cm + |
| Accompanying material |
audio discs (4 3/4 in.) |
| 310 ## - CURRENT PUBLICATION FREQUENCY |
| Current publication frequency |
Annual |
| 336 ## - CONTENT TYPE |
| Content type term |
text |
| Content type code |
txt |
| Source |
rdacontent |
| 336 ## - CONTENT TYPE |
| Materials specified |
CD |
| Content type term |
spoken word |
| Content type code |
spw |
| Source |
rdacontent |
| 337 ## - MEDIA TYPE |
| Media type term |
unmediated |
| Media type code |
n |
| Source |
rdamedia |
| 337 ## - MEDIA TYPE |
| Materials specified |
CD |
| Media type term |
audio |
| Media type code |
s |
| Source |
rdamedia |
| 338 ## - CARRIER TYPE |
| Carrier type term |
volume |
| Carrier type code |
nc |
| Source |
rdacarrier |
| 338 ## - CARRIER TYPE |
| Materials specified |
CD |
| Carrier type term |
audio disc |
| Carrier type code |
sd |
| Source |
rdacarrier |
| 362 1# - DATES OF PUBLICATION AND/OR SEQUENTIAL DESIGNATION |
| Dates of publication and/or sequential designation |
Began with: 2020 Edition. |
| 500 ## - GENERAL NOTE |
| General note |
Full-length practice test with audio CD. |
| 588 0# - SOURCE OF DESCRIPTION NOTE |
| Source of description note |
2020 Edition; title from title page. |
| 588 1# - SOURCE OF DESCRIPTION NOTE |
| Source of description note |
2022 Edition. |
| 650 #0 - SUBJECT ADDED ENTRY--TOPICAL TERM |
| Topical term or geographic name entry element |
Test of English as a Foreign Language |
| Form subdivision |
Study guides. |
| 9 (RLIN) |
55500 |
| 650 #0 - SUBJECT ADDED ENTRY--TOPICAL TERM |
| Topical term or geographic name entry element |
English language |
| Form subdivision |
Textbooks for foreign speakers |
| -- |
Periodicals. |
| 9 (RLIN) |
95260 |
| 650 #0 - SUBJECT ADDED ENTRY--TOPICAL TERM |
| Topical term or geographic name entry element |
English language |
| General subdivision |
Examinations |
| Form subdivision |
Study guides. |
| 9 (RLIN) |
55501 |
| 650 #6 - SUBJECT ADDED ENTRY--TOPICAL TERM |
| Topical term or geographic name entry element |
Test of English as a Foreign Language |
| Form subdivision |
Guides de l'étudiant. |
| 9 (RLIN) |
95273 |
| 650 #6 - SUBJECT ADDED ENTRY--TOPICAL TERM |
| Topical term or geographic name entry element |
Anglais (Langue) |
| Form subdivision |
Manuels pour allophones |
| -- |
Périodiques. |
| 9 (RLIN) |
95274 |
| 650 #6 - SUBJECT ADDED ENTRY--TOPICAL TERM |
| Topical term or geographic name entry element |
Anglais (Langue) |
| General subdivision |
Examens |
| Form subdivision |
Guides de l'étudiant. |
| 9 (RLIN) |
95275 |
| 650 #7 - SUBJECT ADDED ENTRY--TOPICAL TERM |
| Topical term or geographic name entry element |
English language. |
| Source of heading or term |
fast |
| Authority record control number or standard number |
(OCoLC)fst00910920 |
| 650 #7 - SUBJECT ADDED ENTRY--TOPICAL TERM |
| Topical term or geographic name entry element |
English language |
| General subdivision |
Examinations. |
| Source of heading or term |
fast |
| Authority record control number or standard number |
(OCoLC)fst00911153 |
| 9 (RLIN) |
38860 |
| 650 #7 - SUBJECT ADDED ENTRY--TOPICAL TERM |
| Topical term or geographic name entry element |
Test of English as a Foreign Language. |
| Source of heading or term |
fast |
| Authority record control number or standard number |
(OCoLC)fst01148211 |
| 655 #7 - INDEX TERM--GENRE/FORM |
| Genre/form data or focus term |
Periodicals. |
| Source of term |
fast |
| Authority record control number |
(OCoLC)fst01411641 |
| 655 #7 - INDEX TERM--GENRE/FORM |
| Genre/form data or focus term |
Study guides. |
| Source of term |
fast |
| Authority record control number |
(OCoLC)fst01423888 |
| 9 (RLIN) |
24862 |
| 655 #7 - INDEX TERM--GENRE/FORM |
| Genre/form data or focus term |
Textbooks |
| Form subdivision |
for foreign speakers. |
| Source of term |
fast |
| Authority record control number |
(OCoLC)fst01423864 |
| 9 (RLIN) |
94774 |
| 655 #7 - INDEX TERM--GENRE/FORM |
| Genre/form data or focus term |
Study guides. |
| Source of term |
lcgft |
| 9 (RLIN) |
24862 |
| 655 #7 - INDEX TERM--GENRE/FORM |
| Genre/form data or focus term |
Serial publications. |
| Source of term |
lcgft |
| 9 (RLIN) |
24864 |
| 780 00 - PRECEDING ENTRY |
| Title |
Cracking the TOEFL iBT |
| International Standard Serial Number |
1941-2029 |
| Record control number |
(DLC) 2006252002 |
| -- |
(OCoLC)62501249 |
| 906 ## - LOCAL DATA ELEMENT F, LDF (RLIN) |
| a |
7 |
| b |
cbc |
| c |
serorig |
| d |
2 |
| e |
ncip |
| f |
20 |
| g |
n-oclcserc |
| 942 ## - ADDED ENTRY ELEMENTS (KOHA) |
| Source of classification or shelving scheme |
|
| Koha item type |
Lincoln Corner |